'قرب قیامت کے فتنے اور جنگیں مع قیامت کےبعد کے احوال (Record no. 553854)

000 -LEADER
fixed length control field 00406nam a22001217a 4500
082 ## - DEWEY DECIMAL CLASSIFICATION NUMBER
Classification number 297
Author Mark KAS
-- M
100 ## - MAIN ENTRY--PERSONAL NAME
Personal name Kaseer, Hafiz Imad ud din Abul Faid ismail ibn
9 (RLIN) 51103
245 ## - TITLE STATEMENT
Title 'قرب قیامت کے فتنے اور جنگیں مع قیامت کےبعد کے احوال
260 ## - PUBLICATION, DISTRIBUTION, ETC.
Place of publication, distribution, etc. Karachi,
Name of publisher, distributor, etc. Darul Ishat,
Date of publication, distribution, etc. 2009.
300 ## - PHYSICAL DESCRIPTION
Extent 485p.
526 ## - STUDY PROGRAM INFORMATION NOTE
Program name 0
Interest level 0
Reading level 0
Title point value 297_000000000000000_KAS
942 ## - ADDED ENTRY ELEMENTS (KOHA)
Source of classification or shelving scheme
Koha item type Book
Holdings
Withdrawn status Lost status Source of classification or shelving scheme Damaged status Not for loan Permanent Location Current Location Date acquired Total Checkouts Full call number Barcode Date last seen Date last checked out Price effective from Koha item type
          Military College of Engineering (MCE) Military College of Engineering (MCE) 04/26/2017 1 297 KAS MCE-105M 10/23/2017 10/10/2017 04/26/2017 Book
© 2023 Central Library, National University of Sciences and Technology. All Rights Reserved.